Recueil de Publications sur L'agrculture et la societe rural cambodgiennes.(Periode 1980-1996) (Record no. 21326)

000 -LEADER
fixed length control field 00309nam a22001097a 4500
040 ## - CATALOGING SOURCE
Transcribing agency RUA
082 ## - DEWEY DECIMAL CLASSIFICATION NUMBER
Classification number FRA MAR 1983 C227 Or.
100 ## - MAIN ENTRY--AUTHOR NAME
Personal name Mars-Avril.
245 ## - TITLE STATEMENT
Title Recueil de Publications sur L'agrculture et la societe rural cambodgiennes.(Periode 1980-1996)
260 ## - PUBLICATION, DISTRIBUTION, ETC. (IMPRINT)
Place of publication phnom penh
Name of publisher rua
Year of publication 1983
942 ## - ADDED ENTRY ELEMENTS (KOHA)
Koha item type សៀវភៅភាសាអង់គ្លេស

No items available.

មជ្ឈមណ្ឌលឯការនៃសាកលវិទ្យាល័យភូមិន្ទកសិកម្មចំការដូង

Powered by Koha